Debreceni irodalmi napok
Elmentve itt :
| Szerző: | |
|---|---|
| Adatforrás: | Meister |
| Forrásdokumentuma: | Helikon. - 48 sz., 1990, 2-3 p. |
| Nyelv: | magyar |
| Kulcsszavak: | irodalomtörténet művelődési élet magyar irodalom Debrecen GYÍMESI CS. Éva BERTHA Zoltán LÁNG Gusztáv ILIA Mihály TABACU Marius THOMKA Beáta Debreceni Irodalmi Napok |
| LEADER | 00639nab a2200241 i 4500 | ||
|---|---|---|---|
| 001 | bibPRO00009129 | ||
| 008 | 060524s1990 xx hun | ||
| 040 | |a Sz1 | ||
| 041 | |a hun | ||
| 100 | 1 | |a JAKABFFY Tamás | |
| 245 | 1 | 0 | |a Debreceni irodalmi napok |c JAKABFFY Tamás |
| 695 | |a irodalomtörténet | ||
| 695 | |a művelődési élet | ||
| 695 | |a magyar irodalom | ||
| 695 | |a Debrecen | ||
| 695 | |a GYÍMESI CS. Éva | ||
| 695 | |a BERTHA Zoltán | ||
| 695 | |a LÁNG Gusztáv | ||
| 695 | |a ILIA Mihály | ||
| 695 | |a TABACU Marius | ||
| 695 | |a THOMKA Beáta | ||
| 695 | |a Debreceni Irodalmi Napok | ||
| 773 | 0 | |t Helikon. - |g 48 sz., 1990, 2-3 p. | |